000 00443nam a22001697a 4500
005 20251108164109.0
008 250721s9999 xx 000 0 ara d
082 1 4 _a210/سيد
100 1 _aقطب، سيد
245 1 0 _aالسلام العالمي و الإسلام /
250 _aط2.
264 1 _aالقاهرة :
_bمكتبة وهبة،
_c[19-].
300 _a181 ص
650 1 7 _aالإسلام
942 _2ddc
_cBK
999 _c3533
_d3533